Legislación ambiental suramericana aplicable a los humedales : (Registro nro. 452)

Detalles MARC
000 -CABECERA
Campo de control 00921nam a2200265 a 4500
005 - FECHA Y HORA DE LA ULTIMA TRANSACCION
Campo de control 20200104041511.0
008 - ELEMENTOS DE LONGITUD FIJA—INFORMACION GENERAL
Campo de control 140220s1997 ec fr|||| 00| 0 spa d
020 ## - ISBN
ISBN 997895127X
040 ## - FUENTE DE CATALOGACIÓN
Agencia catalogadora original CO-BoIAVH
Agencia transcriptora CO-BoIAVH
041 0# - IDIOMA
Código de idioma para texto/pista de sonido o título separado Español
044 ## - PAÍS DE PUBLICACIÓN
País de publicación Ecuador
082 04 - NUMERO DE CLASIFICACION DECIMAL DEWEY
Número de clasificación 551.0218
Número del ítem S68l
245 00 - MENCION DE TITULO
Título Legislación ambiental suramericana aplicable a los humedales :
Parte restante del título análisis comparativo e inventario normativo /
Mención de responsabilidad Sociedad Peruana de Derecho Ambiental, Unión Mundial para la naturaleza
260 ## - PUBLICACION, DISTRIBUCION, ETC. (PIE DE IMPRENTA)
Lugar de publicación, distribución, etc. Quito :
Nombre del editor, distribuidor, etc. Unión Mundial para la naturaleza ;
Fecha de publicación, distribución, etc. 1997.
300 ## - DESCRIPCION FISICA
Extensión 204 paginas :
Dimensiones 24 x 17 cm
650 14 - ASIENTO SECUNDARIO DE MATERIA - TERMINO TEMATICO
Término temático o nombre geográfico como elemento de entrada Agua
9 (RLIN) 161
650 24 - ASIENTO SECUNDARIO DE MATERIA - TERMINO TEMATICO
Término temático o nombre geográfico como elemento de entrada Política ambiental
9 (RLIN) 59251
650 24 - ASIENTO SECUNDARIO DE MATERIA - TERMINO TEMATICO
Término temático o nombre geográfico como elemento de entrada Legislación ambiental
9 (RLIN) 59252
650 24 - ASIENTO SECUNDARIO DE MATERIA - TERMINO TEMATICO
Término temático o nombre geográfico como elemento de entrada Humedales
9 (RLIN) 59253
650 24 - ASIENTO SECUNDARIO DE MATERIA - TERMINO TEMATICO
Término temático o nombre geográfico como elemento de entrada Recursos naturales renovables
9 (RLIN) 59254
650 24 - ASIENTO SECUNDARIO DE MATERIA - TERMINO TEMATICO
Término temático o nombre geográfico como elemento de entrada Suelos
9 (RLIN) 287
662 ## - ASIENTO SECUNDARIO DE MATERIA - JERARQUIA DEL NOMBRE DE LUGAR(
Jurisdicción política intermedia América del Sur
700 1# - ASIENTO SECUNDARIO - NOMBRE PERSONAL
Nombre personal Solano, Pedro
Término de relación Compilador
9 (RLIN) 7818
942 ## - ELEMENTOS ADICIONALES (KOHA)
Tipo de ítem Libro
Sistema de clasificación Dewey Decimal Classification
Koha issues (borrowed), all copies 2
Existencias
Withdrawn status Lost status Sistema de Clasificación Damaged status No para préstamo Colección Inventariado Ubicación Permanente Ubicación actual Fecha de adquisición Fuente de Valor Valor Total Checkouts Número topográfico Inventario / Código de Barras Date last seen Ejemplar Price effective from Forma de adquisición Tipo de material Date checked out
    Dewey Decimal Classification     General Inventariado 2017 Bogotá Bogotá 01/07/1998 Instituto 39000.00 2 LB-551.0218 S68l 004767 03/08/2017 Ej. 1 04/12/2012   Libro 03/08/2017
    Dewey Decimal Classification     General Inventariado 2017 Sala Fabio Quevedo Sala Fabio Quevedo 01/07/1998 Instituto 39000.00   LB-551.0218 S68l 000616 04/12/2012 Ej. 3 04/12/2012 Donación Libro  
    Dewey Decimal Classification     General Inventariado 2017 Sala Fabio Quevedo Sala Fabio Quevedo 01/07/1998 Instituto 39000.00   LB-551.0218 S68l 000617 04/12/2012 Ej. 2 04/12/2012   Libro